Los calendarios mexicanos (Record no. 184)

MARC details
000 -CABECERA
campo de control de longitud fija 01056nam a2200229 a 4500
001 - NÚMERO DE CONTROL
campo de control BRCA_226
005 - FECHA Y HORA DE LA ÚLTIMA TRANSACCIÓN
campo de control 20190320202926.0
008 - DATOS DE LONGITUD FIJA--INFORMACIÓN GENERAL
campo de control de longitud fija 790228s1973 mx-a---##b---#000-0#spa-#
040 ## - FUENTE DE LA CATALOGACIÓN
Centro catalogador/agencia de origen DLC
Centro/agencia transcriptor DLC
Centro/agencia modificador DLC
050 #4 - SIGNATURA TOPOGRÁFICA DE LA BIBLIOTECA DEL CONGRESO
Número de clasificación F1219.3
Número de documento/Ítem .V49 1973
100 1# - ENTRADA PRINCIPAL--NOMBRE DE PERSONA
Nombre de persona Veytia, Mariano
Fechas asociadas al nombre 1718-1780?
9 (RLIN) 776
245 10 - MENCIÓN DE TÍTULO
Título Los calendarios mexicanos
Mención de responsabilidad, etc. por Mariano Fernández de Echeverría y Veytia ; prólogo del doctor Ignacio Bernal.
260 ## - PUBLICACIÓN, DISTRIBUCIÓN, ETC.
Lugar de publicación, distribución, etc. México
Nombre del editor, distribuidor, etc. San Angel
Fecha de publicación, distribución, etc. 1973
300 ## - DESCRIPCIÓN FÍSICA
Extensión xi, 7-62 p.
Otras características físicas il. (algunas a color), 8 láminas
Dimensiones 52 cm.
500 ## - NOTA GENERAL
Nota general Textos publicados originalmente en forma menos completa por los autores sobre la Historia antigua de Méjico, México, 1836, capítulos 1-11
500 ## - NOTA GENERAL
Nota general Facsímil de : edición privada de Cartón y Papel de México, S.A., realizada por el Museo Nacional en 1907 al cuidado de Don Genaro García, quien escribió la introducción
504 ## - NOTA DE BIBLIOGRAFÍA, ETC.
Nota de bibliografía, etc. Incluye referencias bibliográficas
650 14 - PUNTO DE ACCESO ADICIONAL DE MATERIA--TÉRMINO DE MATERIA
Término de materia o nombre geográfico como elemento de entrada Calendario azteca
9 (RLIN) 777
700 1# - PUNTO DE ACCESO ADICIONAL--NOMBRE DE PERSONA
Nombre de persona García, Genaro
Fechas asociadas al nombre 1867-1920
9 (RLIN) 453
700 1# - PUNTO DE ACCESO ADICIONAL--NOMBRE DE PERSONA
Nombre de persona Bernal, Ignacio
9 (RLIN) 778
942 ## - ELEMENTOS DE PUNTO DE ACCESO ADICIONAL (KOHA)
Fuente del sistema de clasificación o colocación Library of Congress Classification
Tipo de ítem Koha Libros
Holdings
Estado de retiro Estado de pérdida Estado dañado No para préstamo Localización permanente Ubicación/localización actual Fecha de adquisición Total de préstamos Signatura topográfica completa Código de barras Fecha visto por última vez Precio válido a partir de Tipo de ítem Koha
El ejemplar forma parte de la colección y puede ser consultado según las políticas vigentes.       Biblioteca del Museo Franz Mayer (Rogerio Casas-Alatriste) Biblioteca del Museo Franz Mayer (Rogerio Casas-Alatriste) 25/06/2008   F1219.3 .V49 1973 00289 22/03/2019 22/03/2019 Libros